000 00466nam a2200193Ia 4500
005 20250425160932.0
008 250425s9999 xx 000 0 und d
020 _a084930220X
041 _aeng
082 _a639
100 _aMCVEY, JAMES P.
245 0 _aCRC HANDBOOK OF MARICULTURE: CRUSTACEAN AQUACULTURE
250 _a2ND ED.
260 _aBOCA RATON
260 _aEstados Unidos
_bCRC PRESS
_c1983
300 _a442
942 _c01
010 _a8723
999 _c199156
_d199156